000 00857nam a2200241Ia 4500
003 IN-BaIIA
008 211028s9999 xx s 000 0 eng d
020 _a978-3-642-31557-2 (Print)
020 _a978-3-642-31558-9 (Online)
040 _cIIA Library
100 _aKarnakov, Boris Mikhailovich
_939787
245 0 _aWKB Approximation in Atomic Physics
_h[eBook]
260 _aHeidelberg, Berlin
_bSpringer Berlin Heidelberg
_c2013
300 _aOnline resource
650 _a Atomic, Molecular, Optical and Plasma Physics
650 _a Mathematical Applications in the Physical Sciences
_938305
650 _a Mathematical Methods in Physics
650 _a Quantum Physics
_92816
650 _aPhysics
_973
700 _aKrainov, Pavlovich
_939788
856 _uhttp://doi.org/10.1007/978-3-642-31558-9
_yClick Here to Access eBook
942 _cEB
999 _c21532
_d21532